International construction cost survey (Record no. 119168)
[ view plain ]
| 000 -LEADER | |
|---|---|
| fixed length control field | 01212cas a22002295a 4500 |
| 001 - CONTROL NUMBER | |
| control field | L142797 |
| 008 - FIXED-LENGTH DATA ELEMENTS--GENERAL INFORMATION | |
| fixed length control field | 080311c2006 ar ws ss 000 a0eng d |
| 035 ## - SYSTEM CONTROL NUMBER | |
| System control number | (Sirsi) u142797 |
| 041 0# - LANGUAGE CODE | |
| Language code of text/sound track or separate title | eng |
| 110 2# - MAIN ENTRY--CORPORATE NAME | |
| Corporate name or jurisdiction name as entry element | Gardiner and Theobald |
| 9 (RLIN) | 719 |
| 245 00 - TITLE STATEMENT | |
| Title | International construction cost survey |
| Medium | [electronic publication] |
| 260 3# - PUBLICATION, DISTRIBUTION, ETC. | |
| Place of publication, distribution, etc. | [S.l.] |
| Name of publisher, distributor, etc. | Gardiner and Theobald |
| Date of publication, distribution, etc. | 2006- |
| 362 0# - DATES OF PUBLICATION AND/OR SEQUENTIAL DESIGNATION | |
| Dates of publication and/or sequential designation | January 2006- |
| 490 #0 - SERIES STATEMENT | |
| Series statement | Gardiner and Theobald International Construction Cost Survey |
| Volume/sequential designation | January 2006- |
| 520 ## - SUMMARY, ETC. | |
| Summary, etc. | Provides key data, example building costs (offices, industrial, residential, retail and hotels), building labour rates, building materials supply prices, and inflation rates and forecasts for selected countries spanning Europe, International (except North America), and North America. Three versions are available: British £, US $, and Euros. The latest survey is not posted immediately. |
| 554 ## - | |
| -- | Annual. |
| 650 24 - SUBJECT ADDED ENTRY--TOPICAL TERM | |
| Topical term or geographic name entry element | GARDINER AND THEOBALD INTERNATIONAL CONSTRUCTION COST SURVEY |
| 651 #4 - SUBJECT ADDED ENTRY--GEOGRAPHIC NAME | |
| Geographic name | International |
| 690 ## - LOCAL SUBJECT ADDED ENTRY--TOPICAL TERM (OCLC, RLIN) | |
| Topical term or geographic name as entry element | BUILT ENVIRONMENT-BUILDING COSTS |
| 856 40 - ELECTRONIC LOCATION AND ACCESS | |
| Uniform Resource Identifier | <a href="https://www.gardiner.com">https://www.gardiner.com</a> |
| Public note | View the item free of charge (economics, download cost papers) at www.gardiner.com... |
| 942 ## - ADDED ENTRY ELEMENTS (KOHA) | |
| Suppress in OPAC | 0 |
| Withdrawn status | Lost status | Source of classification or shelving scheme | Damaged status | Not for loan | Home library | Current library | Shelving location | Date acquired | Total Checkouts | Full call number | Barcode | Date last seen | Copy number | Price effective from | Koha item type |
|---|---|---|---|---|---|---|---|---|---|---|---|---|---|---|---|
| Dewey Decimal Classification | Virtual | Virtual | Online | 17/03/2008 | ONLINE PUBLICATION | 142797-2001 | 06/08/2019 | 1 | 06/08/2019 | Book |